Villes qui bordent le Bassin d'Arcachon (Gironde) sur une carte - Statistiques

Statistiques générales
  • Ce quiz a été pris 296 fois
  • Le résultat moyen est 7 sur 10
Réponses sur la Carte
Les réponses sont colorées sur une échelle allant du rouge au vert en fonction du pourcentage des utilisateurs qui les ont devinées à leur premier essai. Vous pouvez retrouver ces pourcentages ci-dessous.
 
Statistiques - réponses
Réponse % Correct
Arcachon
97%
Lège-Cap-Ferret
92%
La-Teste-de-Buch
85%
Andernos-les-Bains
83%
Gujan-Mestras
76%
Biganos
72%
Arès
66%
Le Teich
63%
Audenge
59%
Lanton
54%
Aucun quiz correspondant
Distribution des résultats
% des personnes avec chaque résultat
Percentile par nombre de réponses
Votre historique - résultats
Vous n’avez pas pris ce quiz